J. M. Coetzee in context and theory (Record no. 143026)

MARC details
000 -LEADER
fixed length control field 00935nam a2200277Ia 4500
003 - CONTROL NUMBER IDENTIFIER
control field OSt
005 - DATE AND TIME OF LATEST TRANSACTION
control field 20220918172214.0
008 - FIXED-LENGTH DATA ELEMENTS--GENERAL INFORMATION
fixed length control field 220917b |||||||| |||| 00| 0 eng d
020 ## - INTERNATIONAL STANDARD BOOK NUMBER
International Standard Book Number 9789387146341
037 ## - SOURCE OF ACQUISITION
Terms of availability Textual
040 ## - CATALOGING SOURCE
Original cataloging agency ARTS
Transcribing agency ARTS
Language of cataloging eng
041 ## - LANGUAGE CODE
Source of code eng
Language code of text/sound track or separate title eng
100 ## - MAIN ENTRY--PERSONAL NAME
Personal name Boehmer Elleke Au.
9 (RLIN) 40743
245 #0 - TITLE STATEMENT
Title J. M. Coetzee in context and theory
260 ## - PUBLICATION, DISTRIBUTION, ETC.
Place of publication, distribution, etc. New Delhi
Name of publisher, distributor, etc. Bloomsbury India
Date of publication, distribution, etc. 2018
300 ## - PHYSICAL DESCRIPTION
Extent x,206p.
Dimensions cm.
650 ## - SUBJECT ADDED ENTRY--TOPICAL TERM
Topical term or geographic name entry element ENGLISH FICTION; ENGLISH LITERATURE
9 (RLIN) 12759
700 ## - ADDED ENTRY--PERSONAL NAME
Personal name Eaglestone Robert Au.
9 (RLIN) 40744
700 ## - ADDED ENTRY--PERSONAL NAME
Personal name Iddiols Katy Au.
9 (RLIN) 40745
942 ## - ADDED ENTRY ELEMENTS (KOHA)
Classification part O111,3N40:g, Q8
Koha item type Textual
Source of classification or shelving scheme Colon Classification (CC)
Holdings
Withdrawn status Lost status Damaged status Not for loan Home library Current library Date acquired Source of acquisition Total Checkouts Full call number Barcode Date last seen Price effective from Koha item type
        Arts Library Arts Library 2022-09-18 5754, 29/01/2019, Sanchit Book Service   O111,3N40:g Q8 AL1663233 2022-09-18 2022-09-18 Textual
Copyright @ Delhi University Library System